000 00911 a2200229 4500
003 UA-OsUOA
005 20260402162158.0
008 260327b un ||||| |||| 00| 0 ukr d
040 _aUA-OsUOA
_bukr
_cUA-OsUOA
_dUA-OsUOA
041 _aukr
080 _a27
090 _a27
_bК56
100 _aКовалик В.
_924728
245 _aМасонерія
_bруїна і віри народів
_cВолодимир Ковалик
250 _aдруге спровлене видання
260 _c1968
_aАрґентина ;
_aБразилія ;
_aЗДА
300 _a176 с.
650 _2UDC
_a27 Християнство. Християнське віросповідання. Християнські церкви і деномінації
_924684
942 _cBK
_2udc
955 _a0
999 _c580269
_d580269